[Event "43rd Guernsey International Holiday"]
[Site "?"]
[Date "2017.10.19"]
[Round "5"]
[White "O'Connell, Denis"]
[Black "Stuart, Brian"]
[Result "1-0"]
[WhiteElo "1722"]
[BlackElo "1654"]
[PlyCount "87"]
[EventDate "2017.10.15"]
[EventType "swiss"]
[EventRounds "7"]

1. e4 c5 2. b4 cxb4 3. a3 d5 4. exd5 Qxd5 5. Nf3 e5 6. Bb2 Nc6 7. c4 Qe6 8. Bd3
f6 9. O-O Qf7 10. Re1 Be6 11. Qc2 g6 12. c5 O-O-O 13. Be4 Nge7 14. axb4 Nxb4
15. Qa4 Nec6 16. Bc3 Bb3 17. Qa3 Nc2 18. Bxc2 Bxc2 19. Qb2 Bd3 20. Rc1 Qd5 21.
Na3 Bxc5 22. Nc2 Bxc2 23. Qxc2 Bb6 24. Qa4 Kb8 25. Rcb1 Qc5 26. Rxb6 axb6 27.
h3 Kc7 28. Qe4 Qd5 29. Qg4 Rhe8 30. Qh4 Qf7 31. Re1 Kb8 32. Ra1 Kc7 33. Re1 Rd7
34. Qa4 Rdd8 35. Qh4 Re7 36. Qa4 Qd5 37. Qh4 Rde8 38. Qxf6 Kc8 39. Ra1 Kb8 40.
Qh4 Qd7 41. Rb1 Kc7 42. Ra1 Qf5 43. Qc4 Qf4 44. Bxe5+ 1-0

[Event "43rd Guernsey International Holiday"]
[Site "?"]
[Date "2017.10.19"]
[Round "5"]
[White "Svenneling, Matz"]
[Black "Kirk, Matthew"]
[Result "1/2-1/2"]
[WhiteElo "1448"]
[BlackElo "1721"]
[PlyCount "48"]
[EventDate "2017.10.15"]
[EventType "swiss"]
[EventRounds "7"]

1. e4 c6 2. d4 d5 3. exd5 cxd5 4. Bd3 Nc6 5. c3 Nf6 6. Bf4 g6 7. h3 Bg7 8. Nf3
O-O 9. O-O a6 10. Nbd2 b5 11. a3 Bb7 12. Nb3 Nd7 13. Re1 Re8 14. Ne5 Ncxe5 15.
dxe5 e6 16. Qd2 Rc8 17. Qe3 Qc7 18. Nd4 Nc5 19. Bc2 Ne4 20. Bxe4 dxe4 21. Qg3
Red8 22. f3 exf3 23. gxf3 Rd5 24. Re2 h5 1/2-1/2

[Event "43rd Guernsey International Holiday"]
[Site "?"]
[Date "2017.10.19"]
[Round "5"]
[White "Colsen, Manuel"]
[Black "Jongerius, Marc"]
[Result "0-1"]
[WhiteElo "1665"]
[BlackElo "1588"]
[PlyCount "76"]
[EventDate "2017.10.15"]
[EventType "swiss"]
[EventRounds "7"]

1. Nf3 c5 2. c4 g6 3. g3 Nf6 4. Nc3 Bg7 5. Bg2 O-O 6. O-O d6 7. d3 Bd7 8. e4
Qc8 9. Bg5 Re8 10. Qd2 Bh3 11. Bxf6 Bxf6 12. Bxh3 Qxh3 13. Nd5 Qd7 14. Nxf6+
exf6 15. Qf4 Kg7 16. d4 g5 17. Nxg5 fxg5 18. Qxg5+ Kh8 19. dxc5 dxc5 20. Qf6+
Kg8 21. Rad1 Qe6 22. Qg5+ Qg6 23. Qxc5 Qxe4 24. Rd4 Qc6 25. Rg4+ Kh8 26. Qd4+
f6 27. Rd1 Na6 28. a3 Re6 29. Qc3 Rae8 30. b4 b5 31. c5 Nc7 32. Rh4 R6e7 33.
Rf4 Nd5 34. Rxd5 Re1+ 35. Kg2 Qxd5+ 36. Kh3 Qe5 37. Qb3 Qe6+ 38. Qxe6 R8xe6 0-1

[Event "43rd Guernsey International Holiday"]
[Site "?"]
[Date "2017.10.19"]
[Round "5"]
[White "Stanners, Michael J"]
[Black "Carlsson, Johan"]
[Result "1-0"]
[WhiteElo "1761"]
[BlackElo "1552"]
[PlyCount "103"]
[EventDate "2017.10.15"]
[EventType "swiss"]
[EventRounds "7"]

1. d4 e6 2. e3 d5 3. f4 Nf6 4. Nd2 Nbd7 5. Bd3 c5 6. b3 cxd4 7. exd4 Bd6 8.
Ndf3 Bb4+ 9. Bd2 Qa5 10. Ne2 Bxd2+ 11. Nxd2 Ng4 12. Ng3 Ne3 13. Qe2 Qc3 14. Rc1
Qxd4 15. Nf3 Qxf4 16. Nd2 Nf6 17. Ngf1 Nxf1 18. Rxf1 Qxh2 19. Qf3 Qe5+ 20. Kd1
O-O 21. g4 Bd7 22. Qh3 Qg5 23. Rxf6 g6 24. Rf1 e5 25. Be2 Rfe8 26. Rh1 h5 27.
Rg1 Bxg4 28. Bxg4 hxg4 29. Qxg4 Qxg4+ 30. Rxg4 e4 31. Ke2 Kg7 32. Rcg1 Rh8 33.
R1g2 Rh3 34. c4 dxc4 35. Nxc4 b5 36. Ne3 Re8 37. Rg5 a6 38. Rd5 Re6 39. Rf2 f5
40. Rd7+ Kf6 41. Nd5+ Ke5 42. Nf4 Rd6 43. Rxd6 Kxd6 44. Nxh3 Ke5 45. Ke3 b4 46.
Rg2 Kf6 47. Kf4 Ke6 48. Rxg6+ Kd5 49. Kxf5 Kd4 50. Rxa6 e3 51. Nf4 Kc3 52. Ke4
1-0

[Event "43rd Guernsey International Holiday"]
[Site "?"]
[Date "2017.10.19"]
[Round "5"]
[White "Nielsen, Jorgen Holmstrom"]
[Black "Huba, Mark J"]
[Result "1-0"]
[WhiteElo "1688"]
[BlackElo "1580"]
[PlyCount "63"]
[EventDate "2017.10.15"]
[EventType "swiss"]
[EventRounds "7"]

1. Nc3 e6 2. d4 d5 3. Bf4 Bb4 4. Qd3 c5 5. O-O-O Bxc3 6. Qxc3 c4 7. e4 Ne7 8.
Qg3 Qa5 9. Kb1 Nbc6 10. exd5 Qxd5 11. Qxg7 Rg8 12. Qxh7 e5 13. Bg3 Bf5 14. Qh6
Nb4 15. Rc1 Qa5 16. Bxc4 Rc8 17. Bb3 exd4 18. Qf6 Be6 19. Bd6 Nbd5 20. Qxd4 Rg4
21. f4 Nf5 22. Qa4+ Qxa4 23. Bxa4+ Kd8 24. Ba3 Rxf4 25. Bb3 Nfe3 26. Ne2 Re4
27. Bxd5 Bxd5 28. Nc3 Re5 29. Nxd5 Rxd5 30. g3 Rd2 31. Rhe1 Rcxc2 32. Rxe3 1-0

[Event "43rd Guernsey International Holiday"]
[Site "?"]
[Date "2017.10.19"]
[Round "5"]
[White "Foster, Paul"]
[Black "Salisbury, Paul"]
[Result "1-0"]
[WhiteElo "1485"]
[BlackElo "1650"]
[PlyCount "95"]
[EventDate "2017.10.15"]
[EventType "swiss"]
[EventRounds "7"]

1. e4 a6 2. d4 b5 3. Nf3 Bb7 4. Nbd2 e6 5. b3 Nf6 6. Bd3 d5 7. Qe2 Be7 8. O-O
Nc6 9. e5 Nd7 10. a3 Nf8 11. Re1 Ng6 12. Nf1 Nh4 13. c3 Nxf3+ 14. Qxf3 Qd7 15.
Bb2 Bf8 16. Qe2 Ne7 17. a4 c6 18. axb5 cxb5 19. Nd2 Ng6 20. g3 Be7 21. f4 Bd8
22. Qh5 Nf8 23. Nf3 h6 24. g4 g6 25. Qh3 Be7 26. Kh1 O-O-O 27. Qf1 Qc6 28. f5
gxf5 29. gxf5 Rd7 30. Qf2 Kb8 31. Rg1 b4 32. cxb4 Bxb4 33. Rac1 Qb6 34. Rg2 Nh7
35. f6 Rdd8 36. Rg7 Ng5 37. Nxg5 hxg5 38. Rxf7 Qa5 39. Rg7 Be1 40. Qg2 Rc8 41.
Rxc8+ Bxc8 42. Rxg5 Bh4 43. Rg7 Qe1+ 44. Qf1 Qd2 45. Rg2 Qh6 46. Bc1 Qh5 47.
Bg6 Bg3 48. Bxh5 1-0

[Event "43rd Guernsey International Holiday"]
[Site "?"]
[Date "2017.10.19"]
[Round "5"]
[White "Newell, David F"]
[Black "Beadle, John R"]
[Result "1-0"]
[WhiteElo "1821"]
[BlackElo "1558"]
[PlyCount "71"]
[EventDate "2017.10.15"]
[EventType "swiss"]
[EventRounds "7"]

1. d4 f5 2. Nf3 Nf6 3. h3 d5 4. c4 e6 5. g4 c6 6. gxf5 exf5 7. Nc3 Ne4 8. cxd5
Nxc3 9. bxc3 Qxd5 10. Rg1 Nd7 11. Bg2 Nf6 12. Qd3 g6 13. Ng5 Qd6 14. c4 Bg7 15.
Ba3 Qf4 16. Bc1 Qc7 17. Ba3 Qf4 18. Rb1 h6 19. Bc1 Qc7 20. Nf3 Nh5 21. Bd2 Bd7
22. Nh4 Nf4 23. Qe3+ Ne6 24. Nxg6 Bxd4 25. Qf3 Rg8 26. Qh5 Ng7 27. Qxh6 Kf7 28.
Qf4 Qxf4 29. Nxf4 b6 30. e3 Bf6 31. Bf3 Rh8 32. Ke2 Rae8 33. Rg2 Be5 34. Nd3
Rxh3 35. Nxe5+ Rxe5 36. Bc3 1-0

[Event "43rd Guernsey International Holiday"]
[Site "?"]
[Date "2017.10.19"]
[Round "5"]
[White "Jones, Sidney A"]
[Black "Haisma, Henk"]
[Result "0-1"]
[WhiteElo "1500"]
[BlackElo "1808"]
[PlyCount "68"]
[EventDate "2017.10.15"]
[EventType "swiss"]
[EventRounds "7"]

1. d4 d5 2. c4 c6 3. Nf3 Nf6 4. Nc3 e6 5. e3 Nbd7 6. Be2 Bd6 7. O-O O-O 8. Re1
Re8 9. Qc2 Qc7 10. c5 Bf8 11. Bd3 e5 12. e4 exd4 13. Nxd4 Bxc5 14. Nce2 dxe4
15. Bc4 Qb6 16. Be3 Ne5 17. h3 Nxc4 18. Qxc4 Be6 19. Qc1 Nd5 20. Nc2 Nxe3 21.
Nxe3 Rad8 22. Nc3 f5 23. Na4 Bxe3 24. Qxe3 Qd4 25. b3 Qxe3 26. Rxe3 b6 27. Nc3
Rd2 28. Rae1 Rd3 29. Rd1 Rxd1+ 30. Nxd1 Rd8 31. Nc3 Rd2 32. g3 Kf7 33. Kg2 Bd5
34. g4 f4 0-1

[Event "43rd Guernsey International Holiday"]
[Site "?"]
[Date "2017.10.19"]
[Round "5"]
[White "Collins, Alan"]
[Black "Harnden, Terry"]
[Result "1/2-1/2"]
[WhiteElo "1700"]
[BlackElo "1369"]
[PlyCount "39"]
[EventDate "2017.10.15"]
[EventType "swiss"]
[EventRounds "7"]

1. f4 c5 2. Nf3 d6 3. g3 Nf6 4. Bg2 Nc6 5. d3 g6 6. e4 e6 7. c3 Bg7 8. Na3 O-O
9. O-O a6 10. Nc2 Rb8 11. Ne3 b5 12. Rb1 Bd7 13. e5 dxe5 14. fxe5 Ne8 15. Ng4
f6 16. exf6 Nxf6 17. Bg5 Be8 18. Qd2 Qd6 19. Nxf6+ Bxf6 20. Bh6 1/2-1/2

[Event "43rd Guernsey International Holiday"]
[Site "?"]
[Date "2017.10.19"]
[Round "5"]
[White "Gunn, Michael J"]
[Black "Brauer, Claes"]
[Result "0-1"]
[WhiteElo "1599"]
[BlackElo "1386"]
[PlyCount "90"]
[EventDate "2017.10.15"]
[EventType "swiss"]
[EventRounds "7"]

1. e4 d5 2. exd5 Qxd5 3. Nc3 Qa5 4. Nf3 c6 5. Bc4 e6 6. d3 Nf6 7. Bd2 Qc7 8.
O-O a5 9. a3 Be7 10. Re1 b5 11. Ba2 O-O 12. Ne4 Nbd7 13. Ng3 Bb7 14. c4 Rfd8
15. cxb5 cxb5 16. Rc1 Qb6 17. Be3 Qa6 18. Qe2 Bxf3 19. gxf3 Ne5 20. d4 Ng6 21.
Rc7 Ra7 22. Rxa7 Qxa7 23. d5 Qb7 24. dxe6 Nh4 25. exf7+ Kf8 26. Ne4 Nxe4 27.
Bb6 Qxb6 28. Qxe4 Qg6+ 29. Qxg6 hxg6 30. Rc1 Nxf3+ 31. Kg2 Ne5 32. Rc7 Nxf7 33.
Bxf7 Kxf7 34. Rb7 Rd5 35. b4 axb4 36. axb4 Ke6 37. f4 Bf6 38. Kf1 Kd6 39. Rb8
Kc7 40. Ra8 Rd4 41. Ra2 Rxb4 42. Rc2+ Rc4 43. Rg2 b4 44. Ke2 b3 45. Rxg6 b2 0-1

[Event "43rd Guernsey International Holiday"]
[Site "?"]
[Date "2017.10.19"]
[Round "5"]
[White "Almquist, Rutger"]
[Black "Kerr, Matthew"]
[Result "1-0"]
[WhiteElo "1589"]
[BlackElo "1290"]
[PlyCount "71"]
[EventDate "2017.10.15"]
[EventType "swiss"]
[EventRounds "7"]

1. b4 e5 2. Bb2 d6 3. e3 Bd7 4. Be2 Nf6 5. Nf3 Be7 6. O-O O-O 7. d3 a6 8. Nbd2
b5 9. c4 Nc6 10. a3 Qb8 11. Rc1 Re8 12. Nb3 Bd8 13. h3 h6 14. Nfd2 Bc8 15. Qc2
Bd7 16. Bf3 Ra7 17. cxb5 Qxb5 18. Bxc6 Bxc6 19. Qxc6 Qxd3 20. Qc2 Qd5 21. Na5
c5 22. e4 Qe6 23. Nc6 Rc7 24. Nxd8 Rxd8 25. Qb1 c4 26. Bc3 d5 27. exd5 Nxd5 28.
Ne4 Nxc3 29. Nxc3 Qf6 30. Ne4 Qf5 31. Nc5 Qxb1 32. Rxb1 Rd6 33. Rbc1 a5 34.
Rxc4 axb4 35. axb4 Rdc6 36. Rfc1 1-0

[Event "43rd Guernsey International Holiday"]
[Site "?"]
[Date "2017.10.20"]
[Round "6"]
[White "Remie, Peter"]
[Black "Nevska, Gerda"]
[Result "0-1"]
[WhiteElo "1689"]
[BlackElo "1677"]
[PlyCount "80"]
[EventDate "2017.10.15"]
[EventType "swiss"]
[EventRounds "7"]

1. d4 e6 2. Nf3 c5 3. c3 Nc6 4. Bf4 cxd4 5. cxd4 Nf6 6. e3 h6 7. a3 Nd5 8. Bg3
b5 9. Nbd2 b4 10. a4 h5 11. h3 d6 12. Bb5 Bb7 13. Rc1 Rc8 14. e4 Nf6 15. Qe2
Be7 16. O-O O-O 17. Bxc6 Bxc6 18. b3 g6 19. Rfe1 d5 20. e5 Ne4 21. Bf4 g5 22.
Be3 f5 23. Nxe4 dxe4 24. Nxg5 Bxg5 25. Qxh5 Bxe3 26. Qg6+ Kh8 27. Qh5+ Kg7 28.
Rxe3 Rf7 29. Rg3+ Kf8 30. Qh8+ Ke7 31. Qh4+ Kd7 32. Qxd8+ Rxd8 33. Rc4 a5 34.
Rc5 Ra8 35. Kf1 Bd5 36. Rb5 Ra7 37. Rb6 Rc7 38. Rd6+ Ke7 39. Rg8 Rd7 40. Ra8
Bxa8 0-1

[Event "43rd Guernsey International Holiday"]
[Site "?"]
[Date "2017.10.20"]
[Round "6"]
[White "Dennis, Nigel W"]
[Black "Heesen, Jos"]
[Result "1/2-1/2"]
[WhiteElo "1785"]
[BlackElo "1766"]
[PlyCount "50"]
[EventDate "2017.10.15"]
[EventType "swiss"]
[EventRounds "7"]

1. e4 e6 2. d4 d5 3. Nc3 Nf6 4. Bg5 Bb4 5. e5 h6 6. Bd2 Bxc3 7. bxc3 Ne4 8. Bd3
Nxd2 9. Qxd2 c5 10. f4 Nc6 11. Nf3 Qa5 12. dxc5 Qxc5 13. Ke2 Bd7 14. Rhb1 Na5
15. Nd4 a6 16. Nb3 Nxb3 17. cxb3 Bb5 18. Rc1 Bxd3+ 19. Qxd3 b5 20. c4 dxc4 21.
bxc4 b4 22. Rd1 O-O 23. Qd4 Qa5 24. Qb2 Qc5 25. Qd4 Qa5 1/2-1/2

[Event "43rd Guernsey International Holiday"]
[Site "?"]
[Date "2017.10.20"]
[Round "6"]
[White "O'Connell, Denis"]
[Black "Turner, David J"]
[Result "1/2-1/2"]
[WhiteElo "1722"]
[BlackElo "1774"]
[PlyCount "113"]
[EventDate "2017.10.15"]
[EventType "swiss"]
[EventRounds "7"]

1. e4 d6 2. d4 Nf6 3. Nc3 g6 4. Be3 b6 5. Qd2 Bb7 6. f3 Nbd7 7. O-O-O c5 8. d5
a6 9. h4 h5 10. Nh3 b5 11. Ng5 Qa5 12. Kb1 Ne5 13. Ne2 Qc7 14. Nf4 Bc8 15. Be2
Bd7 16. Rhe1 Bg7 17. Nfh3 a5 18. Bf4 Nc4 19. Bxc4 bxc4 20. e5 dxe5 21. Bxe5 Qb7
22. Nf4 O-O 23. Qe3 Qb5 24. Rh1 a4 25. Qa3 Bf5 26. Rhe1 Ra7 27. Ne4 Bxe4 28.
fxe4 Qb4 29. Qxb4 cxb4 30. d6 e6 31. Rd4 Rc8 32. g3 Nd7 33. Bxg7 Kxg7 34. e5
Ra5 35. Rde4 Rcc5 36. b3 axb3 37. axb3 cxb3 38. cxb3 Rxe5 39. Rxe5 Rxe5 40.
Rxe5 Nxe5 41. Nd3 Nd7 42. Nxb4 f6 43. Kc2 Kf7 44. Nd3 e5 45. b4 Ke6 46. Nf2
Kxd6 47. Kd3 f5 48. Nh3 Kd5 49. Ng5 e4+ 50. Ke3 Kc4 51. Nxe4 fxe4 52. Kxe4 Kxb4
53. Kf4 Kc4 54. g4 hxg4 55. Kxg4 Kd4 56. Kg5 Ne5 57. h5 1/2-1/2

[Event "43rd Guernsey International Holiday"]
[Site "?"]
[Date "2017.10.20"]
[Round "6"]
[White "Goris Schouwstra, Adry"]
[Black "Finch, Russell"]
[Result "1/2-1/2"]
[WhiteElo "1754"]
[BlackElo "1689"]
[PlyCount "57"]
[EventDate "2017.10.15"]
[EventType "swiss"]
[EventRounds "7"]

1. d4 Nf6 2. Nf3 d5 3. e3 c6 4. Be2 e6 5. O-O Nbd7 6. Nbd2 Bd6 7. c4 O-O 8. a3
Qe7 9. Qc2 Re8 10. h3 e5 11. dxe5 Nxe5 12. cxd5 Nxd5 13. Nc4 Nxc4 14. Bxc4 Be6
15. Bd3 h6 16. Bd2 Qf6 17. Be2 Bf5 18. Bd3 Bxh3 19. Ne1 Qg5 20. f4 Nxf4 21.
exf4 Bc5+ 22. Kh1 Bxg2+ 23. Nxg2 Qh5+ 24. Nh4 Qxh4+ 25. Kg2 Qg4+ 26. Kh2 Qh5+
27. Kg2 Qg4+ 28. Kh2 Qh5+ 29. Kg2 1/2-1/2

[Event "43rd Guernsey International Holiday"]
[Site "?"]
[Date "2017.10.20"]
[Round "6"]
[White "Baart, Edwin"]
[Black "Foster, Paul"]
[Result "0-1"]
[WhiteElo "1816"]
[BlackElo "1485"]
[PlyCount "80"]
[EventDate "2017.10.15"]
[EventType "swiss"]
[EventRounds "7"]

1. d4 Nf6 2. Nf3 e6 3. Bg5 Be7 4. e3 b6 5. Be2 Bb7 6. c4 d6 7. Nc3 Nbd7 8. Qc2
h6 9. Bh4 c6 10. O-O O-O 11. a3 a5 12. e4 e5 13. dxe5 dxe5 14. Rfd1 Qc7 15. Rd2
Rfd8 16. Rad1 Nf8 17. Rxd8 Rxd8 18. Rxd8 Bxd8 19. Qd3 Ng6 20. Bg3 Nd7 21. b4
axb4 22. axb4 Bf6 23. Nd2 Ndf8 24. f3 Bh4 25. Nb3 Ne6 26. c5 Be7 27. Qe3 bxc5
28. Nxc5 Nxc5 29. bxc5 Qa5 30. Bf2 Nf4 31. Bd1 Qa1 32. Qd2 Bc8 33. g3 Nh3+ 34.
Kg2 Nxf2 35. Kxf2 Bxc5+ 36. Kg2 Bd4 37. Ne2 c5 38. Nc1 c4 39. Qc2 Be6 40. Be2
Qb2 0-1

[Event "43rd Guernsey International Holiday"]
[Site "?"]
[Date "2017.10.20"]
[Round "6"]
[White "Hoogakker, Peter"]
[Black "Svenneling, Matz"]
[Result "1-0"]
[WhiteElo "1769"]
[BlackElo "1448"]
[PlyCount "39"]
[EventDate "2017.10.15"]
[EventType "swiss"]
[EventRounds "7"]

1. e4 d5 2. Nc3 d4 3. Nce2 e5 4. Nf3 Nc6 5. Ng3 Bg4 6. Bc4 Nf6 7. O-O Bd6 8. h3
Bh5 9. Nxh5 Nxh5 10. Nxe5 Nxe5 11. Qxh5 g6 12. Qe2 Qh4 13. d3 f5 14. exf5 gxf5
15. f4 O-O-O 16. fxe5 Rde8 17. Qf2 Qh5 18. exd6 Rhf8 19. Bf4 Re2 20. Qf3 1-0

[Event "43rd Guernsey International Holiday"]
[Site "?"]
[Date "2017.10.20"]
[Round "6"]
[White "Kearsley, Raymond J"]
[Black "Bateman, Kerry"]
[Result "0-1"]
[WhiteElo "1724"]
[BlackElo "1764"]
[PlyCount "52"]
[EventDate "2017.10.15"]
[EventType "swiss"]
[EventRounds "7"]

1. e4 c5 2. Nf3 d6 3. Bb5+ Bd7 4. Bxd7+ Nxd7 5. O-O Ngf6 6. Qe2 Qc7 7. Nc3 e6
8. d4 cxd4 9. Nxd4 Rc8 10. Be3 Be7 11. Rac1 O-O 12. f4 Qc4 13. Qd1 Nc5 14. Qf3
d5 15. e5 Nfe4 16. Ncb5 a6 17. b3 Qb4 18. a3 Qa5 19. b4 Qa4 20. Na7 Rc7 21. Nb3
Nd7 22. Bd4 Qxa3 23. b5 Nec5 24. Qe3 Qb4 25. Rb1 Nxb3 26. Rxb3 Qxd4 0-1

[Event "43rd Guernsey International Holiday"]
[Site "?"]
[Date "2017.10.20"]
[Round "6"]
[White "Kirk, Matthew"]
[Black "Kershaw, Graham J"]
[Result "1-0"]
[WhiteElo "1721"]
[BlackElo "1712"]
[PlyCount "45"]
[EventDate "2017.10.15"]
[EventType "swiss"]
[EventRounds "7"]

1. d4 Nf6 2. c4 e6 3. Nf3 d5 4. Nc3 c5 5. e3 Nc6 6. Be2 Be7 7. O-O O-O 8. a3
cxd4 9. exd4 dxc4 10. Bxc4 a6 11. Re1 Qc7 12. Qe2 b5 13. Ba2 b4 14. Ne4 Rd8 15.
Nxf6+ Bxf6 16. d5 Qe7 17. dxc6 bxa3 18. Rb1 axb2 19. Bxb2 a5 20. Bxf6 Qxf6 21.
Qe5 Qe7 22. c7 Rd6 23. Rb8 1-0

[Event "43rd Guernsey International Holiday"]
[Site "?"]
[Date "2017.10.20"]
[Round "6"]
[White "Ruigrok, Jacques"]
[Black "Nielsen, Jorgen Holmstrom"]
[Result "1/2-1/2"]
[WhiteElo "1679"]
[BlackElo "1688"]
[PlyCount "90"]
[EventDate "2017.10.15"]
[EventType "swiss"]
[EventRounds "7"]

1. e4 Nf6 2. Nc3 d5 3. exd5 Nxd5 4. Bc4 e6 5. Nf3 Be7 6. O-O O-O 7. d4 c6 8.
Ne4 b6 9. Re1 Nd7 10. c3 Bb7 11. Bd3 c5 12. Qe2 cxd4 13. Nxd4 N5f6 14. Ng3 Nc5
15. Bc2 Bd6 16. Bg5 Bxg3 17. hxg3 h6 18. Bxf6 Qxf6 19. Qe5 Qxe5 20. Rxe5 Rad8
21. Rae1 Nd7 22. R5e3 Nf6 23. f3 Nd5 24. Re5 a6 25. Kf2 Rc8 26. a3 Rfd8 27. f4
Nf6 28. Bd1 Nd7 29. R5e3 b5 30. Bf3 Bxf3 31. Kxf3 Nb6 32. g4 Nd5 33. R3e2 Ne7
34. f5 h5 35. fxe6 hxg4+ 36. Kxg4 f6 37. Re4 g6 38. Kf3 Rd5 39. Rh4 g5 40. Rh6
Nf5 41. Nxf5 Rxf5+ 42. Kg3 Re8 43. Reh1 Rxe6 44. Rh8+ Kg7 45. R1h7+ Kg6 1/2-1/2

[Event "43rd Guernsey International Holiday"]
[Site "?"]
[Date "2017.10.20"]
[Round "6"]
[White "Foran, Barry"]
[Black "Newell, David F"]
[Result "1-0"]
[WhiteElo "1636"]
[BlackElo "1821"]
[PlyCount "75"]
[EventDate "2017.10.15"]
[EventType "swiss"]
[EventRounds "7"]

1. d4 f5 2. Nf3 g6 3. Nbd2 Nf6 4. c4 Bg7 5. e3 O-O 6. b3 d6 7. Bb2 Qe8 8. d5
Na6 9. g3 Nc5 10. Qc2 a5 11. Bg2 Bd7 12. Nd4 Kh8 13. O-O h6 14. a3 Rb8 15. Bc3
a4 16. b4 Na6 17. Rfe1 c5 18. Ne6 Bxe6 19. dxe6 Nc7 20. e4 f4 21. e5 dxe5 22.
Bxe5 Rc8 23. Rad1 fxg3 24. hxg3 Nxe6 25. Bxf6 Bxf6 26. Rxe6 Qf7 27. Bd5 Bd4 28.
Ne4 Qf3 29. Rd3 Qf5 30. Qe2 b5 31. bxc5 Bxc5 32. Nxc5 Rxc5 33. Re5 Qd7 34. Rxe7
Qf5 35. Re8 bxc4 36. Rxf8+ Qxf8 37. Qe5+ Kh7 38. Rf3 1-0

[Event "43rd Guernsey International Holiday"]
[Site "?"]
[Date "2017.10.20"]
[Round "6"]
[White "Haisma, Henk"]
[Black "Colsen, Manuel"]
[Result "1-0"]
[WhiteElo "1808"]
[BlackElo "1665"]
[PlyCount "109"]
[EventDate "2017.10.15"]
[EventType "swiss"]
[EventRounds "7"]

1. f4 d5 2. Nf3 Nf6 3. e3 g6 4. c4 c6 5. Nc3 Bg7 6. Be2 dxc4 7. Bxc4 O-O 8. O-O
Bg4 9. Be2 Nbd7 10. h3 Bxf3 11. Bxf3 e6 12. g4 Nd5 13. d4 Nxc3 14. bxc3 Rc8 15.
Qe1 b6 16. h4 c5 17. h5 gxh5 18. gxh5 Qf6 19. Qg3 Kh8 20. Rf2 Rg8 21. Qh3 Bh6+
22. Kh1 Rg7 23. Bb2 c4 24. Bg4 Rcg8 25. Rg1 e5 26. Rfg2 exf4 27. e4 Nf8 28. e5
Qc6 29. Bf3 Qe6 30. Bg4 Qd5 31. Qf3 Qxf3 32. Bxf3 Rxg2 33. Rxg2 Rxg2 34. Kxg2
Nd7 35. Bc6 Nb8 36. Bb5 Kg7 37. d5 Bg5 38. Kf3 Kh6 39. Be8 Kxh5 40. Bxf7+ Kh6
41. e6 Kg7 42. Be8 Kf8 43. Bb5 a6 44. Bxc4 b5 45. Bd3 h6 46. Ba3+ Ke8 47. Bd6
Nd7 48. exd7+ Kxd7 49. Be5 Ke7 50. Ke4 f3 51. Kxf3 Bd2 52. Bf5 a5 53. d6+ Kd8
54. Bf6+ Ke8 55. d7+ 1-0

[Event "43rd Guernsey International Holiday"]
[Site "?"]
[Date "2017.10.20"]
[Round "6"]
[White "Glover, John"]
[Black "Stuart, Brian"]
[Result "1-0"]
[WhiteElo "1765"]
[BlackElo "1654"]
[PlyCount "113"]
[EventDate "2017.10.15"]
[EventType "swiss"]
[EventRounds "7"]

1. Nf3 c5 2. c4 Nc6 3. Nc3 g6 4. g3 Bg7 5. Bg2 Nf6 6. O-O d6 7. d4 cxd4 8. Nxd4
Nxd4 9. Qxd4 O-O 10. Qd2 Qc7 11. b3 Be6 12. Bb2 a6 13. Rac1 Qd7 14. Rfd1 Rfd8
15. Na4 Qc7 16. Bd4 Nd7 17. Bxg7 Kxg7 18. Nc3 Nf6 19. e3 Rac8 20. Qd4 Kg8 21.
Ne4 Nxe4 22. Qxe4 Rb8 23. h4 Bf5 24. Qf4 Qa5 25. e4 Be6 26. Rc2 Rdc8 27. Rdc1
Qc5 28. Bf3 Kg7 29. Bg4 Rf8 30. Re1 Qc8 31. Bxe6 fxe6 32. Qe3 b6 33. f4 Qc5 34.
Qxc5 bxc5 35. Rd2 Rfd8 36. Red1 a5 37. e5 Rb6 38. Kf2 Kf7 39. Kf3 h6 40. g4 Kg7
41. Rd3 Kf7 42. Ke4 Kg7 43. f5 Kf7 44. Rf1 d5+ 45. Ke3 d4+ 46. Ke4 exf5+ 47.
gxf5 Kg7 48. Rg3 Kh7 49. Kd3 Rg8 50. Rfg1 Rbb8 51. fxg6+ Kg7 52. Ke4 Rgf8 53.
a3 Rbd8 54. Rb1 Rf2 55. b4 Rdf8 56. bxc5 d3 57. Kxd3 1-0

[Event "43rd Guernsey International Holiday"]
[Site "?"]
[Date "2017.10.20"]
[Round "6"]
[White "Brauer, Claes"]
[Black "Goman, Colin R"]
[Result "0-1"]
[WhiteElo "1386"]
[BlackElo "1714"]
[PlyCount "38"]
[EventDate "2017.10.15"]
[EventType "swiss"]
[EventRounds "7"]

1. b4 b5 2. a4 bxa4 3. g3 Bb7 4. Nf3 e5 5. e4 Bxe4 6. Rxa4 Nc6 7. c3 Bxb1 8.
Bg2 Be4 9. Qe2 Nf6 10. d3 Bxf3 11. Bxf3 Be7 12. b5 e4 13. bxc6 exf3 14. Qxf3
O-O 15. O-O dxc6 16. Rh4 Qd5 17. Qe2 Rfe8 18. c4 Qd7 19. Re1 Bb4 0-1

[Event "43rd Guernsey International Holiday"]
[Site "?"]
[Date "2017.10.20"]
[Round "6"]
[White "Huba, Mark J"]
[Black "Collins, Alan"]
[Result "0-1"]
[WhiteElo "1580"]
[BlackElo "1700"]
[PlyCount "113"]
[EventDate "2017.10.15"]
[EventType "swiss"]
[EventRounds "7"]

1. Nf3 d6 2. g3 e5 3. d3 f5 4. Bg2 Nf6 5. O-O Be7 6. Nbd2 O-O 7. e4 Nc6 8. Re1
fxe4 9. dxe4 Bg4 10. h3 Be6 11. Ng5 Bd7 12. c3 Qe8 13. Qb3+ Kh8 14. Ne6 Bxe6
15. Qxe6 Qf7 16. Qxf7 Rxf7 17. Nf3 h6 18. Nh4 Kh7 19. Nf5 Bf8 20. g4 g6 21. Ng3
Nd7 22. Be3 Nd8 23. Rad1 Ne6 24. Ne2 Be7 25. Rf1 Bg5 26. Bxg5 Nxg5 27. f4 Ne6
28. f5 Nec5 29. Ng3 Nf6 30. Rd2 Raf8 31. Re1 a6 32. Bf1 Kg7 33. Bc4 Re7 34.
fxg6 Kxg6 35. Nf5 Rh7 36. Ng3 a5 37. Rf1 Rhh8 38. Rdf2 Nfd7 39. Bf7+ Kg7 40.
Nh5+ Kh7 41. Ng3 Nd3 42. Rf5 Nf4 43. Kh2 Nc5 44. Nh5 Ncd3 45. Nxf4 Nxf4 46. Bd5
b6 47. Bf7 Kg7 48. Bd5 Rf6 49. b4 axb4 50. cxb4 Rxf5 51. gxf5 Nxd5 52. exd5 Kf6
53. Kg3 Rg8+ 54. Kf3 Rg5 55. Ke4 Rh5 56. Rf3 Rh4+ 57. Kd3 0-1

[Event "43rd Guernsey International Holiday"]
[Site "?"]
[Date "2017.10.20"]
[Round "6"]
[White "Carlsson, Johan"]
[Black "Salisbury, Paul"]
[Result "0-1"]
[WhiteElo "1552"]
[BlackElo "1650"]
[PlyCount "76"]
[EventDate "2017.10.15"]
[EventType "swiss"]
[EventRounds "7"]

1. d4 d5 2. c4 Nc6 3. e3 e5 4. dxe5 dxc4 5. Qxd8+ Kxd8 6. Bxc4 Nxe5 7. Be2 Bf5
8. Nc3 Nd3+ 9. Bxd3 Bxd3 10. b3 Bb4 11. Bb2 Ke7 12. a3 Bxc3+ 13. Bxc3 Nf6 14.
Ra2 c5 15. Ne2 Rhd8 16. O-O Bxe2 17. Rxe2 Rd3 18. Rc2 Rad8 19. Rcc1 g6 20. g3
Ne4 21. Ba5 b6 22. Rc4 Nd2 23. Bxd2 Rxd2 24. b4 cxb4 25. axb4 Rb2 26. Rc7+ Rd7
27. Rxd7+ Kxd7 28. Rd1+ Kc6 29. Rd4 a6 30. e4 Kb5 31. e5 Rxb4 32. Rxb4+ Kxb4
33. f4 a5 34. g4 a4 35. f5 a3 36. e6 fxe6 37. fxe6 a2 38. e7 a1=Q+ 0-1